Normal view
MARC view
Entry Nombre personal
001 - NÚMERO DE CONTROL
- campo de control: 72848
003 - IDENTIFICADOR DEL NÚMERO DE CONTROL
- campo de control: BNPHU
005 - FECHA Y HORA DE LA ÚLTIMA TRANSACCIÓN
- campo de control: 20240305092220.0
008 - DATOS DE LONGITUD FIJA
- campo de control de longitud fija: 200615|| aca||aabn | a|a d
040 ## - FUENTE DE LA CATALOGACIÓN
- Centro catalogador/agencia de origen: DO-SdBNP
- Lengua de catalogación: spa
- Centro/agencia transcriptor: BNPHU
- Normas de descripción: rda
100 1# - ENCABEZAMIENTO-NOMBRE DE PERSONA
- Nombre de persona: Zapata, César Augusto,
- Fechas asociadas al nombre: 1959 -
370 ## - LUGAR ASOCIADO
- Lugar de nacimiento: República Dominicana
- Otro lugar asociado: Los Ángeles (California)
373 ## - GRUPO ASOCIADO
- Grupo asociado: Universidad Autónoma de Santo Domingo
373 ## - GRUPO ASOCIADO
- Grupo asociado: Universidad de California, Los Ángeles
374 ## - OCUPACIÓN
- Ocupación: Profesor universitario
- Ocupación: Escritor
375 ## - GÉNERO/SEXO
- Género/Sexo: Masculino
377 ## - LENGUA/LENGUAJE ASOCIADO
- Código del idioma: Español
670 ## - FUENTE DE DATOS ENCONTRADOS
- Cita de la fuente: Work cat.: (OSt)44319: Zapata, César Augusto 1959 -, Para todos nosotros caerá la noche :, 2014.
670 ## - FUENTE DE DATOS ENCONTRADOS
- Cita de la fuente: Asombros de sombras, 2004
670 ## - FUENTE DE DATOS ENCONTRADOS
- Cita de la fuente: Pertenencias de otr(a) edad, 1999
